🎶Paroles "Nos joies répétitives" Pierre Lapointe - Statistiques

Statistiques générales
  • Ce quiz a Ă©tĂ© pris 3 fois
  • Le rĂ©sultat moyen est 151 sur 297
Statistiques - réponses
Mots % Correct
a
100%
Ă 
100%
Alors
100%
c'
100%
Chaque
100%
d'
100%
de
100%
joies
100%
l'
100%
nos
100%
Nos
100%
nous
100%
nous,
100%
on
100%
On
100%
or
100%
répétitives
100%
s'
100%
se
100%
son
100%
t'
100%
aime"
67%
avale
67%
ce
67%
chagrin
67%
comme
67%
comment
67%
contre
67%
croire,
67%
des
67%
du
67%
En
67%
encore
67%
est
67%
et
67%
faire
67%
fugitives
67%
il
67%
"Je
67%
jour
67%
la
67%
La
67%
le
67%
lot
67%
Lui
67%
lui
67%
mĂŞme
67%
montrer
67%
oĂą
67%
peut
67%
pour
67%
Pour
67%
qu'
67%
Qu'
67%
Que
67%
qui
67%
si
67%
tristesses
67%
un
67%
âge
33%
amour
33%
appris
33%
attardé
33%
aujourd'hui
33%
bien
33%
bleu
33%
brillent
33%
Car,
33%
Celles
33%
celles
33%
cette
33%
crier
33%
dans
33%
dernier
33%
élevés
33%
faux,
33%
fin
33%
ivre
33%
jusqu'
33%
les
33%
Mais
33%
mal
33%
met
33%
mieux
33%
nez
33%
noir,
33%
notre
33%
oublié
33%
plaire
33%
Quand
33%
quand
33%
rebelle
33%
réchauffe
33%
reste
33%
sexes
33%
souillés
33%
sourire
33%
tĂ´t
33%
tout
33%
trop
33%
trouver
33%
va
33%
vivre
33%
voir
33%
yeux
33%
accepte
0%
arrivent
0%
attention
0%
barbouiller
0%
boit,
0%
bouche
0%
Caressant
0%
Celui
0%
cheveux
0%
comparer
0%
compte
0%
copains
0%
déjà
0%
demain,
0%
détourner
0%
doutes
0%
durera
0%
échapper
0%
effacé
0%
embrasse
0%
enfance
0%
entre
0%
Essayant
0%
éthérée
0%
étouffer
0%
filles
0%
fois
0%
fout
0%
gâché
0%
garçons
0%
habitudes
0%
heureux
0%
hier,
0%
hommes
0%
honte
0%
Hurlant
0%
laissant
0%
mange
0%
parfaite
0%
parler
0%
pense
0%
placé
0%
prouver
0%
ramper,
0%
rappeler
0%
rassurer
0%
ravalé
0%
récidive
0%
regard
0%
rencontrer
0%
répétant
0%
rĂŞve
0%
Savent
0%
secrètement
0%
solitudes
0%
tour
0%
vent
0%
veut
0%
vient
0%
vomir
0%
Aucun quiz correspondant
Distribution des résultats
% des personnes avec chaque résultat
Percentile par nombre de réponses
Votre historique - résultats
Vous n’avez pas pris ce quiz